Vista normal
Vista MARC
Entrada Nombre corporativo
Número de registros utilizados en: 19
001 - NÚMERO DE CONTROL
- Campo de control: 3106
003 - IDENTIFICADOR DE NÚMERO DE CONTROL
- Campo de control: ES-MaCES
005 - FECHA Y HORA DE LA ULTIMA MODIFICACION
- Campo de control: 19981123164900.0
008 - ELEMENTOS DE DATOS DE LONGITUD FIJA
- Campo de longitud fija: 981123 | azznnaabn |n ana d
035 ## - NÚMERO DE CONTROL DEL SISTEMA
- Número de control del sistema: CES19980014533e
040 ## - FUENTE DE LA CATALOGACIÓN
- Agencia original de catalogación: ES-MaCES
- Idioma de catalogación: spa
- Agencia de transcripción: ES-MaCES
110 1# - ENCABEZAMIENTO--NOMBRE CORPORATIVO
- Nombre corporativo o de jurisdicción como elemento de entrada: España
- Título de una obra: Leyes, etc., de medio ambiente
901 ## - CES. DATOS SIRTEX
- ID Sirtex (N5N8): 0001800001453
- 005BIS Sirtex: 199811231649MIG

